000 00966nam a2200181Ia 4500
008 191130s1993##################000#0#tam##
040 _aACL
_cACL
082 _a294.5422 KRI
100 _aகிருஷ்ணமூர்த்தி பாகவதர், நீடாமங்கலம் G
245 _aஸ்ரீகிருஷ்ணகானம் : ஊத்துக்காடு ஸ்ரீ வெங்கடஸீப்பையர் பாடல்கள்
_cதொகுத்தவர்: நீடாமங்கலம் ஸ்ரீ கிருஷ்ணமூர்த்தி பாகவதர்
250 _a1.பதிப்பு
260 _aசென்னை
_bதமிழ்நாடு இயல் இசை நாடக மன்றம்
_c1993
300 _a215 p
650 _aஆன்மீகம்
990 _a669c9706ac10000c5a8ea9d2ebbb5517
991 _a180453
999 _c339147
_d339147